[Event "Pamplona IRT rap op (Women)"]
[Site "Pamplona"]
[Date "2012.11.10"]
[Round "11"]
[White "Mateus, Martha"]
[Black "Salcedo, Diana"]
[Result "1-0"]
[WhiteElo "2116"]
[BlackElo "2040"]
[PlyCount "61"]
[EventDate "2012.11.09"]
[EventType "swiss"]
[EventRounds "11"]
[EventCountry "COL"]
[SourceTitle "CBM 151 Extra"]
[Source "ChessBase"]
[SourceDate "2012.12.18"]
[SourceVersion "1"]
[SourceVersionDate "2012.12.18"]
[SourceQuality "1"]

1. e4 e5 2. Nc3 Nf6 3. f4 d5 4. fxe5 Nxe4 5. Nf3 Nxc3 6. dxc3 Bc5 7. Bf4 0-0 8. Qd2 c6 9. Bd3 Re8 10. 0-0-0 Be6 11. Ng5 g6 12. Nxe6 Rxe6 13. Be2 Nd7 14. Bg4 Re8 15. Rde1 Nf8 16. h4 h5 17. Bf3 Ne6 18. Bh6 Be7 19. Qf2 Kh7 20. Bd2 Qd7 21. g4 Ng7 22. gxh5 gxh5 23. Rhg1 b6 24. Bxh5 Rf8 25. Qf4 Nf5 26. Ref1 Rg8 27. Rxg8 Rxg8 28. Qxf5+ Qxf5 29. Rxf5 Rg1+ 30. Bd1 Bxh4 31. Rh5+ 1-0

[Event "Pamplona IRT rap op (Women)"]
[Site "Pamplona"]
[Date "2012.11.10"]
[Round "7"]
[White "Salcedo, Diana"]
[Black "Herrera, Milena"]
[Result "0-1"]
[WhiteElo "2040"]
[BlackElo "2101"]
[PlyCount "124"]
[EventDate "2012.11.09"]
[EventType "swiss"]
[EventRounds "11"]
[EventCountry "COL"]
[SourceTitle "CBM 151 Extra"]
[Source "ChessBase"]
[SourceDate "2012.12.18"]
[SourceVersion "1"]
[SourceVersionDate "2012.12.18"]
[SourceQuality "1"]

1. c4 Nf6 2. Nc3 c5 3. Nf3 e6 4. d4 cxd4 5. Nxd4 a6 6. e4 Qc7 7. Be2 Be7 8. 0-0 d6 9. Be3 Nbd7 10. Rc1 b6 11. f4 0-0 12. Kh1 Bb7 13. Bf3 Rac8 14. b3 Qb8 15. Qe2 Rfe8 16. g4 Nc5 17. Bg1 Qa8 18. Rfe1 d5 19. cxd5 exd5 20. e5 Nfe4 21. Nb1 a5 22. Red1 Ba6 23. Qg2 Nd3 24. Rxc8 Qxc8 25. Be3 Bc5 26. Nd2 Bxd4 27. Bxd4 Nxf4 28. Qg1 Qc2 29. Qe3 Ng6 30. Nxe4 dxe4 31. Rc1 Qxa2 32. Bxe4 Qe2 33. Qxe2 Bxe2 34. Bxb6 Nxe5 35. Bxa5 Nxg4 36. Bg2 f5 37. Bd5+ Kh8 38. b4 f4 39. b5 Bxb5 40. Bf3 Ne5 41. Be4 f3 42. Kg1 Rf8 43. Bb6 Bd3 44. Bd5 Ng4 45. Bf2 Nxf2 46. Kxf2 g5 47. Rc3 Be2 48. h3 Kg7 49. Bxf3 Bxf3 50. Rxf3 Rxf3+ 51. Kxf3 h5 52. Kg3 Kf6 53. Kf2 Kf5 54. Kf3 Ke5 55. Ke3 Kd5 56. Kf3 Kd4 57. Kf2 Ke4 58. Ke2 Kf4 59. Kf2 h4 60. Kg2 Ke3 61. Kg1 Kf3 62. Kh2 Kf2 0-1

[Event "Pamplona IRT rap op (Women)"]
[Site "Pamplona"]
[Date "2012.11.10"]
[Round "4"]
[White "Santos Morales, Natalia Andrea"]
[Black "Salcedo, Diana"]
[Result "1/2-1/2"]
[WhiteElo "2103"]
[BlackElo "2040"]
[PlyCount "51"]
[EventDate "2012.11.09"]
[EventType "swiss"]
[EventRounds "11"]
[EventCountry "COL"]
[SourceTitle "CBM 151 Extra"]
[Source "ChessBase"]
[SourceDate "2012.12.18"]
[SourceVersion "1"]
[SourceVersionDate "2012.12.18"]
[SourceQuality "1"]

1. e4 e5 2. Nf3 Nf6 3. Nxe5 d6 4. Nf3 Nxe4 5. d3 Nf6 6. Nc3 Nc6 7. Be2 d5 8. d4 Be7 9. h3 0-0 10. 0-0 Ne4 11. Bb5 Bf5 12. Re1 Bf6 13. Bf4 a6 14. Ba4 Re8 15. Be5 b5 16. Bb3 Bxe5 17. dxe5 Nxc3 18. bxc3 Ne7 19. Nd4 Be6 20. a4 c5 21. Nxe6 fxe6 22. axb5 axb5 23. Qg4 Nf5 24. c4 Rxa1 25. Rxa1 dxc4 26. Ba2 1/2-1/2